| 000 | 02984cam a2200373 i 4500 | ||
|---|---|---|---|
| 999 |
_c3741 _d3741 |
||
| 001 | (Sirsi) a1116543 | ||
| 003 | OSt | ||
| 005 | 20241007095641.0 | ||
| 008 | 190823t20192019nyu d 000 1 eng d | ||
| 020 | _a9780141375656 | ||
| 040 |
_aNZLEP _beng _cNZLEP _dB@L _dOCLCF _dWGT _dTAE _dKH8 _erda |
||
| 042 | _anbic | ||
| 082 | _aFIC MCM | ||
| 100 | 1 |
_aMcManus, Karen M., _eauthor. |
|
| 245 | 1 | 0 |
_aTwo can keep a secret / _cKaren M. McManus. |
| 250 | _aFirst edition. | ||
| 264 | 1 |
_aNew York : _bDelacorte Press, _c[2019] |
|
| 264 | 4 | _c©2019. | |
| 300 |
_a327 pages ; _c22 cm. |
||
| 336 |
_atext _btxt _2rdacontent. |
||
| 337 |
_aunmediated _bn _2rdamedia. |
||
| 338 |
_avolume _bnc _2rdacarrier. |
||
| 520 | _aThe New York Times bestselling author of One of Us Is Lying is back with an all-new, page-turning mystery perfect for fans of Riverdale! Echo Ridge is small-town America. Ellery's never been there, but she's heard all about it. Her aunt went missing there at age seventeen. And only five years ago, a homecoming queen put the town on the map when she was killed. Now Ellery has to move there to live with a grandmother she barely knows. The town is picture-perfect, but it's hiding secrets. And before school even begins for Ellery, someone has declared open season on homecoming, promising to make it as dangerous as it was five years ago. Then, almost as if to prove it, another girl goes missing. Ellery knows all about secrets. Her mother has them; her grandmother does too. And the longer she's in Echo Ridge, the clearer it becomes that everyone there is hiding something. The thing is, secrets are dangerous--and most people aren't good at keeping them. Which is why in Echo Ridge, it's safest to keep your secrets to yourself. Praise for Karen M. McManus's One of Us Is Lying An EW.com Best YA Book of the Year A Buzzfeed Best YA Book of the Year A Popcrush Best Young Adult Book of the Year A New York Public Library's Best Book for Teens A CBC Teen Choice Book Award Nominee A Goodreads Best Young Adult Book of the Year Nominee A YALSA Best Fiction Book Nominee A YALSA Quick Pick for Reluctant Young Adult Readers You'll tear through this juicy, super-fun (if murder can ever be fun?) thriller. --Bustle A whodunit with a Breakfast Club twist...following four unique voices on a chase to find the killer, this one will keep you guessing until the very, very end. --Popcrush Twisty plotting, breakneck pacing and intriguing characterisation add up to an exciting, single-sitting thrillerish treat. --The Guardian This is no ordinary whodunit...surprising and relevant. --USA Today. | ||
| 521 | 1 | _aAges 13-18. | |
| 650 | 0 |
_aMurder _vFiction. |
|
| 650 | 0 |
_aMissing persons _vFiction. |
|
| 650 | 0 |
_aCommunity life _zVermont _vFiction. |
|
| 650 | 0 |
_aBrothers and sisters _vFiction. |
|
| 650 | 0 |
_aTwins _vFiction. |
|
| 650 | 0 |
_aMoving, Household _vFiction. |
|
| 650 | 0 |
_aGrandmothers _vFiction. |
|
| 650 | 0 | _aMystery and detective stories. | |
| 942 |
_2ddc _cFIC |
||